Sporcle Speed-Picking III Quiz Stats

Quiz Updated Oct 12, 2015

Challenge
Share
Tweet
Embed
Score 0/50 Timer 02:00
5 Plays Today
% Correct
Ruby
91.7%
Topaz
90.2%
Independence Day
90.2%
Thanksgiving
89.8%
Columbus Day
89.4%
Chemistry
89%
Pearl
88.8%
English
87.5%
Labor Day
87.1%
Physics
86.7%
Spanish
86.5%
Astronomy
86.1%
Diamond
85.9%
Biology
85.8%
Hey Jude
85.7%
Christmas
84.8%
Yellow Submarine
83.7%
Let It Be
83.6%
Pig
82.7%
Rat
82.5%
Thermodynamics
81%
Ox
80.3%
Garnet
79.5%
Rabbit
79%
Arabic
77.9%
% Correct
Dragon
77.2%
Help!
76.3%
Jurassic Park
76.1%
Yesterday
75.6%
Dutch
75.3%
Swahili
74.2%
Jaws
67.8%
War Horse
64.3%
Roman
60.7%
Babylonian
58.9%
Aztec
57.2%
Byzantine
57%
Mongol
52.6%
Lincoln
51.8%
Reducto
50.8%
Reparo
49.8%
Wingardium Leviosa
48.9%
Lumos
48%
Accio
47.9%
Christianity
47.2%
1941
46.9%
Buddhism
46.7%
Islam
45.5%
Daoism
42.2%
Shinto
36.7%

You're not logged in!

Compare scores with friends on all Sporcle quizzes.
Join for Free
OR
Log In

You Might Also Like...

Show Comments

Extras

Top Quizzes Today


Score Distribution

Your Account Isn't Verified!

In order to create a playlist on Sporcle, you need to verify the email address you used during registration. Go to your Sporcle Settings to finish the process.

Report this User

Report this user for behavior that violates our Community Guidelines.

Details: